|
|
|
|
| LEADER |
00000cas a2200000 c 4500 |
| 001 |
1029925534 |
| 003 |
DE-627 |
| 005 |
20240411202532.0 |
| 007 |
tu |
| 008 |
180831c20179999be z| m| 0 |0eng c |
| 016 |
7 |
|
|a 1165907534
|2 DE-101
|
| 016 |
7 |
|
|a 2941176-2
|2 DE-600
|
| 035 |
|
|
|a (DE-627)1029925534
|
| 035 |
|
|
|a (DE-576)510586074
|
| 035 |
|
|
|a (DE-599)ZDB2941176-2
|
| 035 |
|
|
|a (OCoLC)1056057613
|
| 040 |
|
|
|a DE-627
|b ger
|c DE-627
|e rda
|
| 041 |
|
|
|a eng
|
| 044 |
|
|
|c XA-BE
|
| 082 |
0 |
4 |
|a 300
|q DE-600
|
| 245 |
0 |
0 |
|a Migration and intercultural studies
|c CeMIS, The Centre for Migration and Intercultural Studies
|
| 246 |
3 |
3 |
|a CeMIS migration and intercultural studies
|
| 264 |
3 |
1 |
|a Leuven
|b Leuven University Press
|c 2017-
|
| 336 |
|
|
|a Text
|b txt
|2 rdacontent
|
| 337 |
|
|
|a ohne Hilfsmittel zu benutzen
|b n
|2 rdamedia
|
| 338 |
|
|
|a Band
|b nc
|2 rdacarrier
|
| 362 |
0 |
|
|a 1-
|
| 363 |
0 |
1 |
|a 1
|i 2017
|
| 655 |
|
7 |
|a Monografische Reihe
|0 (DE-588)4179998-7
|0 (DE-627)104628669
|0 (DE-576)209995106
|2 gnd-content
|
| 710 |
2 |
|
|a Centrum voor Migratie en Interculturele Studies
|e Herausgebendes Organ
|0 (DE-588)1161744835
|0 (DE-627)1025194217
|0 (DE-576)506837394
|4 isb
|
| 951 |
|
|
|a ST
|
| ELC |
|
|
|b 1
|
| LOK |
|
|
|0 000 xxxxxcx a22 zn 4500
|
| LOK |
|
|
|0 001 3417900328
|
| LOK |
|
|
|0 003 DE-627
|
| LOK |
|
|
|0 004 1029925534
|
| LOK |
|
|
|0 005 20190403134744
|
| LOK |
|
|
|0 008 190403||||||||||||||||ger|||||||
|
| LOK |
|
|
|0 040
|a DE-21
|c DE-627
|d DE-21
|
| LOK |
|
|
|0 852
|a DE-21
|
| LOK |
|
|
|0 852 1
|9 00
|
| LOK |
|
|
|0 939
|a 03-04-19
|b l01
|
| LOK |
|
|
|0 000 xxxxxcx a22 zn 4500
|
| LOK |
|
|
|0 001 3595950038
|
| LOK |
|
|
|0 003 DE-627
|
| LOK |
|
|
|0 004 1029925534
|
| LOK |
|
|
|0 005 20200217092008
|
| LOK |
|
|
|0 008 200217||||||||||||||||ger|||||||
|
| LOK |
|
|
|0 040
|a DE-Frei85
|c DE-627
|d DE-Frei85
|
| LOK |
|
|
|0 852
|a DE-Frei85
|
| LOK |
|
|
|0 852 1
|m p
|9 00
|
| LOK |
|
|
|0 938
|k p
|
| LOK |
|
|
|0 939
|a 17-02-20
|b l01
|
| ORI |
|
|
|a SA-MARC-krimdokb001.raw
|
| SPR |
|
|
|a 1
|t KRI
|